[Event "WchT Seniors 65"]
[Site "Struga"]
[Date "2023.09.20"]
[Round "2.1"]
[White "Soderberg, Per"]
[Black "Huss, Andreas"]
[Result "0-1"]
[WhiteElo "2135"]
[BlackElo "2214"]
[PlyCount "78"]
[EventDate "2023.09.19"]
[EventType "team-swiss"]
[EventRounds "9"]
[EventCountry "MKD"]
[SourceTitle "EXT 2024"]
[Source "ChessBase"]
[SourceDate "2023.10.10"]
[SourceVersion "1"]
[SourceVersionDate "2023.10.10"]
[SourceQuality "1"]
[WhiteTeam "Sweden 65"]
[BlackTeam "Switzerland 65"]
[WhiteTeamCountry "SWE"]
[BlackTeamCountry "SUI"]

1. e4 e6 2. d4 d5 3. Nc3 Bb4 4. e5 Qd7 5. a3 Bxc3+ 6. bxc3 b6 7. Qg4 f5 8. Qg3 Bb7 9. h4 Nc6 10. Bb5 a6 11. Bxc6 Bxc6 12. Ne2 0-0-0 13. h5 Bb5 14. Nf4 Nh6 15. a4 Bc4 16. a5 Kb7 17. Nd3 Nf7 18. Rb1 Ka7 19. axb6+ cxb6 20. Ba3 g5 21. hxg6 hxg6 22. Kd2 g5 23. f4 gxf4 24. Qxf4 Rhg8 25. Rh7 Rxg2+ 26. Nf2 Rdg8 27. Rbh1 Qe8 28. Qh4 Ka8 29. Kc1 Ng5 30. Rc7 Qa4 31. Bb2 a5 32. Qh8 Ne4 33. Qh7 Qc6 34. Nxe4 dxe4 35. Rf7 Qb5 36. Re7 Qc6 37. Rc7 Rg1+ 38. Rxg1 Rxg1+ 39. Kd2 e3+ 0-1

[Event "EU-chT Seniors 65"]
[Site "Dresden"]
[Date "2022.11.01"]
[Round "6.3"]
[White "Soderberg, Per"]
[Black "Vatter, Hans Joachim"]
[Result "1/2-1/2"]
[WhiteElo "2136"]
[BlackElo "2220"]
[PlyCount "95"]
[EventDate "2022.10.27"]
[EventType "team-swiss"]
[EventRounds "9"]
[EventCountry "GER"]
[SourceTitle "EXT 2024"]
[Source "ChessBase"]
[SourceDate "2023.10.10"]
[SourceVersion "1"]
[SourceVersionDate "2023.10.10"]
[SourceQuality "1"]
[WhiteTeam "Sweden 65"]
[BlackTeam "Germany 65 III"]
[WhiteTeamCountry "SWE"]
[BlackTeamCountry "GER"]

1. e4 c5 2. Nf3 e6 3. c3 d5 4. exd5 Qxd5 5. d4 Nf6 6. Be2 cxd4 7. Qxd4 Nc6 8. Qxd5 Nxd5 9. 0-0 Be7 10. Rd1 0-0 11. a4 Rd8 12. Na3 Bd7 13. Nc4 Be8 14. g3 h6 15. Bd2 Bf6 16. h4 Rd7 17. Nh2 Bd8 18. Ng4 Bc7 19. Nge3 Rad8 20. b4 Ne5 21. Nb2 Bb6 22. Nxd5 Rxd5 23. Be1 a6 24. a5 Ba7 25. c4 Rxd1 26. Rxd1 Rxd1 27. Nxd1 Bd4 28. b5 Bd7 29. Kg2 Bc8 30. Bc3 Bxc3 31. Nxc3 Kf8 32. Na4 Ke7 33. f4 Nd7 34. Bf3 Kd6 35. Kf2 Nc5 36. Nb6 Bd7 37. Nxd7 Kxd7 38. Bxb7 Kc7 39. bxa6 Nb3 40. Bf3 Kb8 41. Bc6 Nxa5 42. Bb5 Nb3 43. Ke3 f6 44. h5 Ka7 45. g4 Kb6 46. Kd3 Nc5+ 47. Ke3 Nxa6 48. Kd4 1/2-1/2

[Event "SWE-ch Seniors 65"]
[Site "Uppsala"]
[Date "2022.07.07"]
[Round "6"]
[White "Bergstrom, Rolf"]
[Black "Soderberg, Per"]
[Result "0-1"]
[WhiteElo "2202"]
[BlackElo "2111"]
[PlyCount "62"]
[EventDate "2022.07.02"]
[EventType "swiss"]
[EventRounds "9"]
[EventCountry "SWE"]
[SourceTitle "EXT 2024"]
[Source "ChessBase"]
[SourceDate "2023.10.10"]
[SourceVersion "1"]
[SourceVersionDate "2023.10.10"]
[SourceQuality "1"]

1. e4 c5 2. c3 e5 3. Nf3 Nc6 4. Bc4 Qc7 5. 0-0 Be7 6. Bb3 Nf6 7. d3 0-0 8. Bg5 d6 9. Nbd2 b5 10. Re1 a5 11. a4 b4 12. Nc4 Be6 13. Ne3 Rab8 14. Bc4 Kh8 15. Bh4 Nd8 16. Bxf6 Bxf6 17. Nd5 Bxd5 18. Bxd5 Ne6 19. g3 g6 20. Nd2 Bg7 21. Nc4 h6 22. Qg4 Ng5 23. Qe2 f5 24. Rf1 f4 25. h4 f3 26. Qd1 Nh3+ 27. Kh2 Qd7 28. Ne3 Nf4 29. g4 h5 30. Rh1 Ne2 31. Kh3 Bh6 0-1

[Event "SWE-chT 1819 Superettan"]
[Site "Sweden"]
[Date "2019.02.02"]
[Round "5"]
[White "Hesselborn, Per Ove"]
[Black "Soderberg, Per"]
[Result "1/2-1/2"]
[WhiteElo "2152"]
[BlackElo "2136"]
[PlyCount "99"]
[EventDate "2018.11.09"]
[EventType "team-tourn"]
[EventRounds "9"]
[EventCountry "SWE"]
[SourceTitle "EXT 2020"]
[Source "ChessBase"]
[SourceDate "2019.10.17"]
[SourceVersion "1"]
[SourceVersionDate "2019.10.17"]
[SourceQuality "1"]
[WhiteTeam "Kristallen"]
[BlackTeam "Sodra"]
[WhiteTeamCountry "SWE"]
[BlackTeamCountry "SWE"]

1. Nf3 d5 2. d4 Nf6 3. Bf4 e6 4. e3 Bd6 5. Bg3 0-0 6. Nbd2 b6 7. c3 a5 8. Bd3 Ba6 9. Bxa6 Nxa6 10. Ne5 c5 11. 0-0 Qc7 12. Qe2 Nb8 13. Qd3 Nh5 14. Nef3 Nxg3 15. hxg3 Nd7 16. e4 dxe4 17. Nxe4 Be7 18. Rfd1 Rad8 19. Qe2 Nf6 20. Nxf6+ Bxf6 21. Qc4 Rd5 22. dxc5 Rxc5 23. Qe2 Rd8 24. Rxd8+ Qxd8 25. Rd1 Rd5 26. Rd2 g6 27. Qd1 Rxd2 28. Qxd2 Qc7 29. a4 Qc4 30. Qf4 Qxf4 31. gxf4 Be7 32. Ne5 Bd6 33. Nc4 Bc5 34. b4 axb4 35. cxb4 Bxb4 36. Nxb6 Kf8 37. Nc4 Ke7 38. Kf1 f6 39. Ke2 Kd7 40. Kd3 Kc6 41. g4 Be1 42. f3 Bg3 43. Ke3 h5 44. g5 fxg5 45. Ne5+ Kb6 46. Nxg6 gxf4+ 47. Nxf4 h4 48. Nh3 Ka5 49. f4 Kxa4 50. Ke4 1/2-1/2

[Event "SWE-chT 1819 Superettan"]
[Site "Sweden"]
[Date "2019.01.12"]
[Round "4"]
[White "Lindberg, Henrik"]
[Black "Soderberg, Per"]
[Result "1/2-1/2"]
[WhiteElo "2179"]
[BlackElo "2136"]
[PlyCount "53"]
[EventDate "2018.11.09"]
[EventType "team-tourn"]
[EventRounds "9"]
[EventCountry "SWE"]
[SourceTitle "EXT 2020"]
[Source "ChessBase"]
[SourceDate "2019.10.17"]
[SourceVersion "1"]
[SourceVersionDate "2019.10.17"]
[SourceQuality "1"]
[WhiteTeam "Upsala"]
[BlackTeam "Sodra"]
[WhiteTeamCountry "SWE"]
[BlackTeamCountry "SWE"]

1. e4 c5 2. Nf3 d6 3. d4 cxd4 4. Nxd4 Nf6 5. Nc3 a6 6. Be2 e5 7. Nb3 Be6 8. 0-0 Be7 9. Be3 0-0 10. Qd2 d5 11. exd5 Nxd5 12. Nxd5 Qxd5 13. Rfd1 Qxd2 14. Rxd2 Nc6 15. Nc5 Bxc5 16. Bxc5 Rfd8 17. Rxd8+ Rxd8 18. Kf1 f6 19. Ke1 Kf7 20. c3 Rd7 21. b4 e4 22. a4 Ne5 23. Bd4 Nd3+ 24. Bxd3 exd3 25. Kd2 Bc4 26. Re1 Re7 27. Rxe7+ 1/2-1/2

[Event "SWE-chT 1819 Superettan"]
[Site "Sweden"]
[Date "2019.01.11"]
[Round "6"]
[White "Andersson, Bjorn2222"]
[Black "Soderberg, Per"]
[Result "1-0"]
[WhiteElo "2162"]
[BlackElo "2136"]
[PlyCount "111"]
[EventDate "2018.11.09"]
[EventType "team-tourn"]
[EventRounds "9"]
[EventCountry "SWE"]
[SourceTitle "EXT 2020"]
[Source "ChessBase"]
[SourceDate "2019.10.17"]
[SourceVersion "1"]
[SourceVersionDate "2019.10.17"]
[SourceQuality "1"]
[WhiteTeam "Burgsvik Alva"]
[BlackTeam "Sodra"]
[WhiteTeamCountry "SWE"]
[BlackTeamCountry "SWE"]

1. e4 c5 2. Nf3 d6 3. d4 cxd4 4. Nxd4 Nf6 5. Nc3 a6 6. Be2 e5 7. Nb3 Be6 8. 0-0 Be7 9. Kh1 d5 10. exd5 Nxd5 11. Ne4 Nd7 12. c4 Nb4 13. Be3 Qc7 14. a3 Nc6 15. f4 exf4 16. Bxf4 Nce5 17. Nd4 0-0 18. Nxe6 fxe6 19. Qd4 Rad8 20. Bg4 Rxf4 21. Rxf4 Nc5 22. Qe3 Ned3 23. Rff1 Qe5 24. Bf3 Nxb2 25. Qe2 Ncd3 26. Bg4 Nf4 27. Qf3 g5 28. Ng3 Nbd3 29. Qxb7 Nf2+ 30. Rxf2 Qxa1+ 31. Rf1 Qxa3 32. Qe4 Qd6 33. c5 Qd5 34. Rxf4 Qxc5 35. Qxe6+ Kh8 36. Rf1 a5 37. Ne4 Qc7 38. Qh6 Qc4 39. Re1 Qb4 40. Rf1 Qc4 41. Ng3 Qxg4 42. Qb6 a4 43. Nf5 Qe2 44. Qb1 Bf6 45. Ng3 Qe7 46. Re1 Qd7 47. Ne4 Rf8 48. Rf1 Qc6 49. Nxg5 Qd7 50. Rd1 Qe7 51. Re1 Qd7 52. Rf1 a3 53. Qb3 Be7 54. Nf7+ Rxf7 55. Qxf7 Qd8 56. Re1 1-0

[Event "SWE-chT 1819 Superettan"]
[Site "Sweden"]
[Date "2018.11.10"]
[Round "2"]
[White "Soderberg, Per"]
[Black "Eriksson, Daniel"]
[Result "0-1"]
[WhiteElo "2136"]
[BlackElo "2161"]
[PlyCount "92"]
[EventDate "2018.11.09"]
[EventType "team-tourn"]
[EventRounds "9"]
[EventCountry "SWE"]
[SourceTitle "EXT 2020"]
[Source "ChessBase"]
[SourceDate "2019.10.17"]
[SourceVersion "1"]
[SourceVersionDate "2019.10.17"]
[SourceQuality "1"]
[WhiteTeam "Sodra"]
[BlackTeam "Stockholm Rockaden II"]
[WhiteTeamCountry "SWE"]
[BlackTeamCountry "SWE"]

1. e4 e5 2. Nf3 Nc6 3. c3 d5 4. Qa4 f6 5. d3 Be6 6. Be3 Bd6 7. Nbd2 Nge7 8. d4 0-0 9. 0-0-0 Qe8 10. c4 exd4 11. Nxd4 Nxd4 12. Qxe8 Rfxe8 13. Bxd4 dxe4 14. Nxe4 Bf4+ 15. Nd2 Nf5 16. Bc3 Nd6 17. g3 Bxd2+ 18. Rxd2 Nxc4 19. Bxc4 Bxc4 20. b3 Be6 21. Re1 a5 22. Rde2 Kf7 23. Kb2 a4 24. f4 g6 25. Re4 axb3 26. axb3 c5 27. Ra4 b5 28. Rxa8 Rxa8 29. Re3 b4 30. Bd2 Rd8 31. Kc1 Rd5 32. Kc2 Rd4 33. Kc1 Bf5 34. Be1 Be4 35. Bd2 Ke6 36. Re2 Kd5 37. Re3 Kc6 38. Re2 Kb5 39. Be1 f5 40. Bf2 Rd7 41. Re3 c4 42. bxc4+ Kxc4 43. Be1 Rd4 44. h3 Kb5 45. Kb2 Rd1 46. Ka2 Kc4 0-1

[Event "Rilton Cup 43rd"]
[Site "Stockholm"]
[Date "2014.01.04"]
[Round "8"]
[White "Soderberg, Per"]
[Black "Furhoff, Johan"]
[Result "0-1"]
[WhiteElo "2183"]
[BlackElo "2318"]
[PlyCount "46"]
[EventDate "2013.12.27"]
[EventType "swiss"]
[EventRounds "9"]
[EventCountry "SWE"]
[SourceTitle "CBM 158 Extra"]
[Source "ChessBase"]
[SourceDate "2014.02.28"]
[SourceVersion "1"]
[SourceVersionDate "2014.02.28"]
[SourceQuality "1"]

1. e4 e5 2. Nf3 Nc6 3. c3 d5 4. Qa4 f6 5. d3 Nge7 6. Be2 Be6 7. 0-0 Ng6 8. Be3 a6 9. exd5 Qxd5 10. d4 e4 11. Nfd2 f5 12. f3 exf3 13. Bxf3 Qd7 14. c4 Be7 15. Nc3 Bf7 16. Rae1 0-0 17. Nb3 Be8 18. Bf2 Rb8 19. c5 Nce5 20. Bd5+ Qxd5 21. Qxe8 Nf3+ 22. gxf3 Qxf3 23. Qxe7 Nf4 0-1

[Event "Rilton Cup 43rd"]
[Site "Stockholm"]
[Date "2014.01.02"]
[Round "6"]
[White "Aroven, Mikael"]
[Black "Soderberg, Per"]
[Result "0-1"]
[WhiteElo "2045"]
[BlackElo "2183"]
[PlyCount "120"]
[EventDate "2013.12.27"]
[EventType "swiss"]
[EventRounds "9"]
[EventCountry "SWE"]
[SourceTitle "CBM 158 Extra"]
[Source "ChessBase"]
[SourceDate "2014.02.28"]
[SourceVersion "1"]
[SourceVersionDate "2014.02.28"]
[SourceQuality "1"]

1. c4 Nf6 2. g3 c6 3. Bg2 d5 4. b3 Bf5 5. Nf3 e6 6. 0-0 Bd6 7. d3 0-0 8. Bb2 Qe7 9. Nh4 Bg6 10. Nxg6 hxg6 11. Qc1 Nbd7 12. Nd2 a5 13. a3 Rfc8 14. e4 dxe4 15. dxe4 e5 16. Qc3 b5 17. cxb5 cxb5 18. Qd3 Rab8 19. Rfd1 Nc5 20. Qe2 Rd8 21. h3 Qe6 22. Rab1 Bc7 23. b4 axb4 24. axb4 Nd3 25. Ba1 Bb6 26. Rf1 Qa2 27. Kh2 Rbc8 28. Bxe5 Nxe5 29. Qxb5 Bd4 30. Nb3 Bc3 31. Nc5 Rd2 32. Qa6 Ra8 33. Qxa2 Raxa2 34. b5 Bd4 35. Nb3 Rxf2 36. Rxf2 Bxf2 37. Nc1 Rc2 38. Nb3 Bb6 39. Kh1 Nh5 40. Rc1 Rb2 41. Rc3 Rb1+ 42. Nc1 Nxg3+ 43. Kh2 Nh5 44. Bf1 Bd4 45. Rc8+ Kh7 46. Ne2 Nf3+ 47. Kg2 Nh4+ 48. Kh2 Be5+ 49. Kg1 Nf3+ 50. Kf2 Nd2 51. Bg2 Rxb5 52. Rc2 Nb3 53. Rc4 Nc5 54. Bf3 Nd3+ 55. Kg2 Nhf4+ 56. Nxf4 Nxf4+ 57. Kg3 Rb2 58. Ra4 Kh6 59. Ra3 Nh5+ 60. Kg4 Nf6+ 0-1

[Event "Rilton Cup 43rd"]
[Site "Stockholm"]
[Date "2013.12.30"]
[Round "4"]
[White "Johansson, Gunnar"]
[Black "Soderberg, Per"]
[Result "1/2-1/2"]
[WhiteElo "2244"]
[BlackElo "2183"]
[PlyCount "45"]
[EventDate "2013.12.27"]
[EventType "swiss"]
[EventRounds "9"]
[EventCountry "SWE"]
[SourceTitle "CBM 158 Extra"]
[Source "ChessBase"]
[SourceDate "2014.02.28"]
[SourceVersion "1"]
[SourceVersionDate "2014.02.28"]
[SourceQuality "1"]

1. d4 Nf6 2. c4 e6 3. Nc3 c5 4. d5 exd5 5. cxd5 d6 6. e4 g6 7. h3 Bg7 8. Nf3 0-0 9. Bd3 b5 10. Bxb5 Nxe4 11. Nxe4 Qa5+ 12. Nfd2 Qxb5 13. Nxd6 Qa6 14. N2c4 Nd7 15. 0-0 Ne5 16. Nxc8 Raxc8 17. Nxe5 Bxe5 18. Qf3 Qd6 19. Rd1 Rfd8 20. Bg5 f6 21. Be3 Bxb2 22. Bf4 Be5 23. Bxe5 1/2-1/2

[Event "Rilton Cup 43rd"]
[Site "Stockholm"]
[Date "2013.12.29"]
[Round "3"]
[White "Soderberg, Per"]
[Black "Cederstam Barsk, Carl"]
[Result "1-0"]
[WhiteElo "2183"]
[BlackElo "2256"]
[PlyCount "111"]
[EventDate "2013.12.27"]
[EventType "swiss"]
[EventRounds "9"]
[EventCountry "SWE"]
[SourceTitle "CBM 158 Extra"]
[Source "ChessBase"]
[SourceDate "2014.02.28"]
[SourceVersion "1"]
[SourceVersionDate "2014.02.28"]
[SourceQuality "1"]

1. e4 e5 2. Nf3 Nc6 3. c3 d5 4. Qa4 f6 5. Bb5 Nge7 6. exd5 Qxd5 7. 0-0 e4 8. Ne1 Be6 9. d4 a6 10. Be2 f5 11. Be3 b5 12. Qc2 Qd6 13. g3 Nd5 14. Ng2 Be7 15. a4 Rb8 16. axb5 axb5 17. Na3 b4 18. Nb5 Qd7 19. c4 Nxe3 20. fxe3 Bf7 21. Qa4 0-0 22. Na7 Be8 23. Nxc6 Qxc6 24. Qxc6 Bxc6 25. Ra7 Rb7 26. Rfa1 Rfb8 27. Nf4 Bg5 28. c5 Bxf4 29. Bc4+ Kf8 30. gxf4 Ke7 31. d5 Be8 32. b3 Bf7 33. Rxb7 Rxb7 34. Ra8 h6 35. Ba6 Bxd5 36. Bxb7 Bxb7 37. Ra7 Bd5 38. Rxc7+ Kd8 39. Rxg7 Kc8 40. Rg2 Kc7 41. Rb2 Kc6 42. Kf2 Kxc5 43. Ke2 h5 44. Kd2 h4 45. Kc2 h3 46. Rb1 Bf7 47. Ra1 Kb5 48. Ra7 Bh5 49. Re7 Bg4 50. Re5+ Kc6 51. Kd2 Kb6 52. Ke1 Kc6 53. Re6+ Kd5 54. Ra6 Kc5 55. Rg6 Kd5 56. Rxg4 1-0

[Event "SWE-chT2 1112"]
[Site "Sweden"]
[Date "2012.03.10"]
[Round "8"]
[White "Andersson, Fredrik1111"]
[Black "Soderberg, Per"]
[Result "1-0"]
[WhiteElo "2304"]
[BlackElo "2204"]
[PlyCount "51"]
[EventDate "2011.10.22"]
[EventType "team-tourn"]
[EventRounds "9"]
[EventCountry "SWE"]
[SourceTitle "EXT 2013"]
[Source "ChessBase"]
[SourceDate "2012.11.22"]
[SourceVersion "1"]
[SourceVersionDate "2012.11.22"]
[SourceQuality "1"]
[WhiteTeam "Upsala"]
[BlackTeam "Wasa"]
[WhiteTeamCountry "SWE"]
[BlackTeamCountry "SWE"]

1. e4 c5 2. Nc3 Nc6 3. f4 e6 4. Nf3 d5 5. Bb5 a6 6. Bxc6+ bxc6 7. d3 Nf6 8. 0-0 Be7 9. Qe1 0-0 10. Qg3 a5 11. e5 Ne8 12. Na4 Ba6 13. b3 Bb5 14. Be3 Bxa4 15. bxa4 Nc7 16. Rab1 Rb8 17. Bd2 Na6 18. f5 Kh8 19. Rxb8 Qxb8 20. f6 gxf6 21. Qh4 Qb2 22. c3 Qc2 23. exf6 Bd6 24. Qh6 Rg8 25. Ng5 Qxd3 26. Nxf7# 1-0

[Event "SWE-chT2 1112"]
[Site "Sweden"]
[Date "2012.01.14"]
[Round "4"]
[White "Ziegler, Ari"]
[Black "Soderberg, Per"]
[Result "1/2-1/2"]
[WhiteElo "2341"]
[BlackElo "2204"]
[PlyCount "127"]
[EventDate "2011.10.22"]
[EventType "team-tourn"]
[EventRounds "9"]
[EventCountry "SWE"]
[SourceTitle "EXT 2013"]
[Source "ChessBase"]
[SourceDate "2012.11.22"]
[SourceVersion "1"]
[SourceVersionDate "2012.11.22"]
[SourceQuality "1"]
[WhiteTeam "Orgryte"]
[BlackTeam "Wasa"]
[WhiteTeamCountry "SWE"]
[BlackTeamCountry "SWE"]

1. e4 c5 2. Nf3 d6 3. d4 cxd4 4. Nxd4 Nf6 5. Nc3 a6 6. Be3 e5 7. Nb3 Be6 8. Qd2 Be7 9. f3 0-0 10. 0-0-0 Qc7 11. g4 Rc8 12. Qf2 Nbd7 13. h4 b5 14. g5 Nh5 15. Bh3 b4 16. Nd5 Bxd5 17. Rxd5 a5 18. Bxd7 Qxd7 19. Nc5 Qc6 20. Nd3 Ra6 21. Kb1 Rb8 22. Qd2 Rb5 23. Rxb5 Qxb5 24. Rd1 Bf8 25. b3 g6 26. Nb2 Ng3 27. Nc4 a4 28. Qf2 Nh5 29. Rd5 Qb8 30. Qd2 axb3 31. cxb3 Nf4 32. Bxf4 exf4 33. Qxf4 Qa7 34. Qe3 Qa8 35. Qd2 Qa7 36. f4 Qg1+ 37. Kb2 Qg3 38. e5 dxe5 39. Nxe5 Re6 40. Rd8 Rxe5 41. fxe5 Qxe5+ 42. Kb1 Qe4+ 43. Kc1 Qxh4 44. Qe3 Qh1+ 45. Rd1 Qh2 46. Kb1 Qg2 47. Qe5 Qf3 48. Qd5 Qe2 49. Rd2 Qe1+ 50. Kc2 Qe3 51. Kd1 h5 52. Re2 Qc3 53. Rf2 Qa1+ 54. Ke2 Qxa2+ 55. Kf1 Qa1+ 56. Kg2 Qg7 57. Rf3 Be7 58. Kh3 Qf8 59. Kh4 Bc5 60. Rf6 Kg7 61. Qe5 Kg8 62. Qd5 Kg7 63. Qe5 Kg8 64. Qd5 1/2-1/2

[Event "SWE-chT2 1011"]
[Site "Sweden"]
[Date "2011.03.13"]
[Round "9"]
[White "Soderberg, Per"]
[Black "Malmqvist, Glenn"]
[Result "1/2-1/2"]
[WhiteElo "2196"]
[BlackElo "2092"]
[PlyCount "65"]
[EventDate "2010.10.23"]
[EventType "team-tourn"]
[EventRounds "9"]
[EventCountry "SWE"]
[SourceTitle "EXT 2012"]
[Source "ChessBase"]
[SourceDate "2011.11.24"]
[SourceVersion "1"]
[SourceVersionDate "2011.11.24"]
[SourceQuality "1"]
[WhiteTeam "Wasa"]
[BlackTeam "Malmo"]
[WhiteTeamCountry "SWE"]
[BlackTeamCountry "SWE"]

1. e4 e6 2. d4 b6 3. Nc3 Bb7 4. Nf3 Bb4 5. Bd3 Nf6 6. Bg5 h6 7. Bxf6 Qxf6 8. 0-0 Bxc3 9. bxc3 d6 10. Qe2 0-0 11. Nd2 c5 12. Qe3 Nc6 13. d5 Ne7 14. c4 Rae8 15. Qg3 e5 16. a4 Ra8 17. a5 Ng6 18. Rab1 Qd8 19. Rb3 Bc8 20. axb6 axb6 21. Rfb1 Ra6 22. Qe3 Bd7 23. g3 Qc7 24. Qe1 Rfa8 25. Nf1 Qd8 26. Ne3 Ne7 27. Qf1 Nc8 28. Be2 Qg5 29. Kh1 Ra2 30. Bf3 h5 31. Bg2 Qg6 32. Qd3 Qf6 33. Kg1 1/2-1/2

[Event "SWE-chT2 1011"]
[Site "Sweden"]
[Date "2010.10.24"]
[Round "1"]
[White "Dedorson, Tomas"]
[Black "Soderberg, Per"]
[Result "1/2-1/2"]
[WhiteElo "2230"]
[BlackElo "2196"]
[PlyCount "65"]
[EventDate "2010.10.23"]
[EventType "team-tourn"]
[EventRounds "9"]
[EventCountry "SWE"]
[SourceTitle "EXT 2012"]
[Source "ChessBase"]
[SourceDate "2011.11.24"]
[SourceVersion "1"]
[SourceVersionDate "2011.11.24"]
[SourceQuality "1"]
[WhiteTeam "Lulea"]
[BlackTeam "Wasa"]
[WhiteTeamCountry "SWE"]
[BlackTeamCountry "SWE"]

1. d4 Nf6 2. Nf3 e6 3. Bg5 c5 4. e3 Qb6 5. Qc1 Nc6 6. c3 d5 7. Nbd2 Be7 8. Bd3 h6 9. Bh4 Bd7 10. Ne5 Nxe5 11. dxe5 Ng8 12. Bxe7 Nxe7 13. c4 0-0 14. 0-0 Qc7 15. f4 f5 16. exf6 Rxf6 17. Nf3 d4 18. Ne5 Nc6 19. Nxc6 Bxc6 20. exd4 cxd4 21. Qd2 Raf8 22. g3 e5 23. fxe5 Qxe5 24. Rxf6 Rxf6 25. Re1 Qd6 26. Be4 Re6 27. Bxc6 Rxe1+ 28. Qxe1 bxc6 29. Qe8+ Kh7 30. Qe4+ Kh8 31. Qe8+ Kh7 32. Qe4+ Kh8 33. Qe8+ 1/2-1/2

[Event "SWE-chT 0910"]
[Site "Sweden"]
[Date "2010.02.06"]
[Round "7"]
[White "Soderberg, Per"]
[Black "Brustkern, Juergen"]
[Result "0-1"]
[WhiteElo "2224"]
[BlackElo "2255"]
[PlyCount "133"]
[EventDate "2009.10.16"]
[EventType "team"]
[EventRounds "11"]
[EventCountry "SWE"]
[SourceTitle "EXT 2011"]
[Source "ChessBase"]
[SourceDate "2010.11.26"]
[SourceVersion "1"]
[SourceVersionDate "2010.11.26"]
[SourceQuality "1"]
[WhiteTeam "Wasa"]
[BlackTeam "Vasteras"]
[WhiteTeamCountry "SWE"]
[BlackTeamCountry "SWE"]

1. e4 d5 2. exd5 Qxd5 3. Nc3 Qd6 4. d4 Nf6 5. Bc4 a6 6. Bb3 e6 7. Nge2 b5 8. Bf4 Qd8 9. d5 c5 10. dxc6 Qxd1+ 11. Rxd1 Nxc6 12. 0-0 Bb7 13. Ng3 Na5 14. Rfe1 Bb4 15. Bd6 Bxd6 16. Rxd6 0-0 17. Nge4 Rfc8 18. h3 Nxe4 19. Nxe4 Nc4 20. Bxc4 Rxc4 21. Red1 Kf8 22. Ng5 Bd5 23. Rd2 Rc7 24. Rb6 h6 25. Nf3 Bxa2 26. b3 Bb1 27. Ne1 Ke7 28. Kf1 Rac8 29. Rxa6 Bxc2 30. Nxc2 Rxc2 31. Rxc2 Rxc2 32. Rb6 Rc5 33. b4 Rf5 34. g4 Rd5 35. Kg2 h5 36. Kg3 hxg4 37. hxg4 g5 38. f3 f6 39. Kf2 Kd7 40. Kg3 Re5 41. Rb7+ Kd6 42. Rg7 Kd5 43. Rg6 Kc4 44. Rxf6 Kxb4 45. f4 gxf4+ 46. Kxf4 Re1 47. g5 Kc3 48. g6 b4 49. g7 Rg1 50. Rf7 b3 51. Rc7+ Kd3 52. Rd7+ Kc2 53. Rc7+ Kb1 54. Ke5 Rg6 55. Rb7 b2 56. Rc7 Ka2 57. Ra7+ Kb3 58. Rb7+ Kc3 59. Rc7+ Kd3 60. Rd7+ Kc2 61. Rc7+ Kb1 62. Rb7 Rg2 63. Kxe6 Kc1 64. Rc7+ Kd1 65. Rd7+ Ke1 66. Rb7 Rxg7 67. Rxb2 0-1